000 00319nam a22001457a 4500
003 OSt
020 _a0975999200
040 _c0
082 _222
_a004.678
100 _aMahler, Paul.
245 _aVOIP telephony with asterisk /
260 _aUSA,
_bSignate,
_cc2005.
300 _a14, 292 p. ;
_bill. ;
942 _2ddc
_cIT
999 _c4484
_d4484